[Event "PER-ch"]
[Site "Lima"]
[Date "2017.03.01"]
[Round "2"]
[White "Condori Aranya, Edwin"]
[Black "Perez, Christopher"]
[Result "1/2-1/2"]
[WhiteElo "2183"]
[BlackElo "1851"]
[PlyCount "75"]
[EventDate "2017.03.01"]
[EventType "swiss"]
[EventRounds "9"]
[EventCountry "PER"]
[SourceTitle "CBM 177 Extra"]
[Source "ChessBase"]
[SourceDate "2017.04.27"]
[SourceVersion "1"]
[SourceVersionDate "2017.04.27"]
[SourceQuality "1"]

1. Nf3 d5 2. d4 Nf6 3. c4 c6 4. cxd5 cxd5 5. Nc3 Nc6 6. Bf4 Bf5 7. Qb3 Na5 8. Qa4+ Bd7 9. Qc2 Rc8 10. e3 e6 11. Bd3 Be7 12. 0-0 0-0 13. Qe2 a6 14. Ne5 Nc6 15. Qf3 g6 16. Bh6 Re8 17. g4 Nxe5 18. dxe5 Ne4 19. Nxe4 dxe4 20. Bxe4 Bc6 21. Rfd1 Bxe4 22. Qxe4 Qc7 23. Rd2 Red8 24. Re2 Rd5 25. f4 Rcd8 26. Rf1 Rd2 27. Rxd2 Rxd2 28. f5 Qd7 29. fxg6 hxg6 30. Qf3 Bf8 31. Bxf8 Kxf8 32. Qe4 Rd1 33. Qb4+ Kg8 34. Rxd1 Qxd1+ 35. Kf2 Qh1 36. Qf4 Qb1 37. Qb4 Qh1 38. Qf4 1/2-1/2

[Event "PER-ch"]
[Site "Lima"]
[Date "2015.05.01"]
[Round "3"]
[White "Pena Morales, Hugo"]
[Black "Perez, Christopher"]
[Result "1-0"]
[WhiteElo "2185"]
[BlackElo "1830"]
[PlyCount "96"]
[EventDate "2015.04.30"]
[EventType "swiss"]
[EventRounds "8"]
[EventCountry "PER"]
[SourceTitle "CBM 166 Extra"]
[Source "ChessBase"]
[SourceDate "2015.06.18"]
[SourceVersion "1"]
[SourceVersionDate "2015.06.18"]
[SourceQuality "1"]

1. d4 d5 2. c4 c6 3. Nc3 dxc4 4. e3 b5 5. a4 b4 6. Ne4 Nf6 7. Nxf6+ gxf6 8. Bxc4 Ba6 9. Bxa6 Nxa6 10. Ne2 e6 11. 0-0 c5 12. b3 Rc8 13. Bb2 Bg7 14. Nf4 f5 15. Nh5 Qg5 16. Nxg7+ Qxg7 17. Qe2 c4 18. d5 e5 19. bxc4 Nc5 20. f4 Ne4 21. fxe5 Rg8 22. Rxf5 Rxc4 23. Raf1 Nc3 24. Bxc3 bxc3 25. Rxf7 Qg4 26. Qxg4 Rcxg4 27. g3 c2 28. Rc7 R8g5 29. Rf4 h5 30. Rxc2 Rxe5 31. Rxg4 hxg4 32. Rc7 Rxe3 33. Rxa7 Rd3 34. Rg7 Rd4 35. a5 Ra4 36. a6 Rxa6 37. Rxg4 Ra2 38. Rf4 Rd2 39. h4 Ke7 40. Rf2 Rxd5 41. Kg2 Ke6 42. g4 Rd4 43. Kg3 Ke5 44. h5 Rd3+ 45. Kh4 Rd1 46. h6 Ke6 47. Kg5 Rg1 48. h7 Kd5 1-0

[Event "Lima Santisimo Nombre de Jesus 4"]
[Site "Lima"]
[Date "2014.08.05"]
[Round "?"]
[White "Perez, Christopher"]
[Black "Flores Tomasto, Luis"]
[Result "1-0"]
[WhiteElo "1828"]
[BlackElo "1500"]
[PlyCount "61"]
[EventDate "2014.08.04"]
[EventType "swiss"]
[EventRounds "8"]
[EventCountry "PER"]
[SourceTitle "EXT 2024"]
[Source "ChessBase"]
[SourceDate "2023.10.10"]
[SourceVersion "1"]
[SourceVersionDate "2023.10.10"]
[SourceQuality "1"]

1. e4 c5 2. c3 d5 3. exd5 Qxd5 4. d4 Nf6 5. Nf3 Bg4 6. Be2 e6 7. 0-0 Nc6 8. Na3 cxd4 9. Nb5 0-0-0 10. Nbxd4 Nxd4 11. cxd4 Bxf3 12. Bxf3 Qxd4 13. Qb3 Qb4 14. Qc2+ Kb8 15. Be3 Rc8 16. Bxa7+ Kxa7 17. Qxc8 Rg8 18. a3 Qb6 19. Qc4 Bc5 20. b4 Bd4 21. Rad1 Rd8 22. Kh1 g5 23. a4 g4 24. a5 Qd6 25. Be2 h5 26. b5 h4 27. b6+ Ka8 28. a6 Qxb6 29. axb7+ Kb8 30. Rc1 Ne4 31. Qc8+ 1-0

[Event "Lima Santisimo Nombre de Jesus 4"]
[Site "Lima"]
[Date "2014.08.04"]
[Round "?"]
[White "Hilares Chavez, Gary Emmanuel"]
[Black "Perez, Christopher"]
[Result "0-1"]
[WhiteElo "1498"]
[BlackElo "1828"]
[PlyCount "50"]
[EventDate "2014.08.04"]
[EventType "swiss"]
[EventRounds "8"]
[EventCountry "PER"]
[SourceTitle "EXT 2024"]
[Source "ChessBase"]
[SourceDate "2023.10.10"]
[SourceVersion "1"]
[SourceVersionDate "2023.10.10"]
[SourceQuality "1"]

1. d4 d5 2. c4 c6 3. Nc3 Nf6 4. Bg5 h6 5. Bh4 e6 6. e3 Nbd7 7. Nf3 Bd6 8. Be2 dxc4 9. Bxc4 g5 10. Bg3 Qc7 11. Bxd6 Qxd6 12. e4 Qb4 13. Bb3 Nxe4 14. Qd3 Nxc3 15. bxc3 Qa5 16. 0-0 b6 17. Rfe1 Ba6 18. Qe4 Bb7 19. Bxe6 fxe6 20. Qxe6+ Kd8 21. Qf7 Qd5 22. Qg7 Kc7 23. Re5 Qg8 24. Qe7 Qf8 25. Qxf8 Raxf8 0-1

[Event "Lima Peru Chess"]
[Site "Lima"]
[Date "2014.02.05"]
[Round "8"]
[White "Paredes Lagos, Anthony Javier"]
[Black "Perez, Christopher"]
[Result "0-1"]
[WhiteElo "1842"]
[BlackElo "1820"]
[PlyCount "80"]
[EventDate "2014.01.28"]
[EventType "tourn"]
[EventRounds "11"]
[EventCountry "PER"]
[SourceTitle "EXT 2018"]
[Source "ChessBase"]
[SourceDate "2017.10.13"]
[SourceVersion "1"]
[SourceVersionDate "2017.10.13"]
[SourceQuality "1"]

1. c4 c6 2. g3 Nf6 3. Bg2 d5 4. cxd5 cxd5 5. Nf3 Nc6 6. d4 e6 7. Bf4 Bd6 8. Bxd6 Qxd6 9. Nc3 0-0 10. 0-0 a6 11. e3 b5 12. Qe2 Bd7 13. e4 dxe4 14. Nxe4 Nxe4 15. Qxe4 Nb4 16. Ne5 Nd5 17. Rac1 Rac8 18. Rc5 Nf6 19. Qe3 Nd5 20. Bxd5 exd5 21. Nxd7 Qxd7 22. b4 Rxc5 23. dxc5 Re8 24. Qf3 h6 25. Rd1 d4 26. Qf4 Rd8 27. Rd3 Qd5 28. a3 a5 29. f3 axb4 30. axb4 Qc4 31. Qd2 Ra8 32. Rxd4 Ra1+ 33. Kf2 Qf1+ 34. Ke3 Re1+ 35. Kf4 g5+ 36. Kg4 f5+ 37. Kxf5 Qxf3+ 38. Rf4 gxf4 39. Qxe1 fxg3+ 40. Kg6 Qc6+ 0-1

[Event "Lima Santisimo Nombre de Jesus 3"]
[Site "Lima"]
[Date "2013.06.28"]
[Round "1"]
[White "Perez, Christopher"]
[Black "Hilares Chavez, Gary Emmanuel"]
[Result "1-0"]
[WhiteElo "1821"]
[BlackElo "1492"]
[PlyCount "73"]
[EventDate "2013.06.28"]
[EventType "swiss"]
[EventRounds "8"]
[EventCountry "PER"]
[SourceTitle "EXT 2024"]
[Source "ChessBase"]
[SourceDate "2023.10.10"]
[SourceVersion "1"]
[SourceVersionDate "2023.10.10"]
[SourceQuality "1"]

1. e4 e5 2. Nf3 Nc6 3. Bb5 Bc5 4. 0-0 d6 5. c3 a6 6. Bxc6+ bxc6 7. d4 exd4 8. cxd4 Bb6 9. e5 Bg4 10. h3 Bxf3 11. Qxf3 Qd7 12. exd6 cxd6 13. d5 Ne7 14. dxc6 Qxc6 15. Qe2 Ra7 16. Nc3 0-0 17. Be3 Bxe3 18. Qxe3 Rd7 19. Rac1 Qb7 20. Qd3 Ng6 21. Nd5 Re8 22. Rfe1 Re5 23. Rcd1 Qxb2 24. Qxa6 Rd8 25. Rxe5 Qxe5 26. a4 Qh5 27. Ne3 d5 28. Qa5 Qg5 29. Rxd5 Rxd5 30. Qxd5 Qh4 31. Qa8+ Nf8 32. a5 Qd4 33. a6 g6 34. Qb7 Qd7 35. Qb8 Kg7 36. a7 Ne6 37. a8Q 1-0

[Event "Lima GP IRT op"]
[Site "Lima"]
[Date "2013.??.??"]
[Round "1"]
[White "Leiva Rodriguez, Jeammarco Giuseppe"]
[Black "Perez, Christopher"]
[Result "1-0"]
[WhiteElo "2406"]
[BlackElo "1822"]
[PlyCount "39"]
[EventDate "2013.08.21"]
[EventType "swiss"]
[EventRounds "9"]
[EventCountry "PER"]
[SourceTitle "CBM 156 Extra"]
[Source "ChessBase"]
[SourceDate "2013.10.22"]
[SourceVersion "1"]
[SourceVersionDate "2013.10.22"]
[SourceQuality "1"]

1. Nf3 d5 2. c4 c6 3. d4 Nf6 4. Qc2 e6 5. g3 dxc4 6. Qxc4 b5 7. Qc2 Bb7 8. Bg2 Nbd7 9. a4 a6 10. Bg5 c5 11. axb5 axb5 12. Rxa8 Bxa8 13. 0-0 h6 14. Bxf6 Qxf6 15. Ne5 Bxg2 16. Nxd7 Kxd7 17. Kxg2 cxd4 18. Rc1 Bd6 19. Qc6+ Ke7 20. Qb7+ 1-0